| 000 | 00429cam a2200169ua 4500 | ||
|---|---|---|---|
| 003 | OSt | ||
| 008 | 250108b |||||||| |||| 00| 0 eng d | ||
| 020 | _a9788178082516 | ||
| 041 | _aeng | ||
| 082 |
_a621.3822 _bRAO/WA |
||
| 100 |
_aRao , Raghuveer M . _96847 |
||
| 245 | _aWavelet Transforms / | ||
| 260 |
_a : _bPearson Education Asia , _c2004. |
||
| 300 | _a310 ; . | ||
| 700 | 1 |
_aBopardikar, Ajith S . _96848 |
|
| 942 | _cBK | ||
| 999 |
_c12366 _d12366 |
||